[Event "GER-ch Women 2020"]
[Site "Magdeburg"]
[Date "2020.08.20"]
[Round "6.3"]
[White "Mehling, Katharina"]
[Black "Bashylina, Luisa"]
[Result "1-0"]
[WhiteElo "1947"]
[BlackElo "1975"]
[Annotator "ChessBase"]
[PlyCount "97"]
[EventDate "2020.08.16"]
[EventType "swiss"]
[EventCountry "GER"]
[SourceTitle "playchess.com"]
[Source "ChessBase"]
[SourceQuality "1"]
[TimeControl "40/5400+30:1800+30"]

1. d4 {[%emt 0:00:00]} Nf6 {[%emt 0:00:00]} 2. c4 {[%emt 0:00:00]} g6 {[%emt 0:00:22]} 3. Nc3 {[%emt 0:00:00]} Bg7 {[%emt 0:00:04]} 4. e4 {[%emt 0:00:01]} d6 {[%emt 0:00:03]} 5. Nf3 {[%emt 0:00:21]} O-O {[%emt 0:00:06]} 6. Be2 {[%emt 0:00:22]} e5 {[%emt 0:01:07]} 7. Be3 {[%emt 0:01:09]} Nc6 {[%emt 0:00:27]} 8. d5 {[%emt 0:00:50]} Ne7 {[%emt 0:00:08]} 9. Nd2 {[%emt 0:01:28]} Ne8 {[%emt 0:02:19]} 10. O-O {[%emt 0:00:54]} f5 {[%emt 0:00:11]} 11. f3 {[%emt 0:00:26]} f4 {[%emt 0:01:44]} 12. Bf2 {[%emt 0:00:21]} g5 {[%emt 0:01:14]} 13. c5 {[%emt 0:04:28]} h5 {[%emt 0:05:33]} 14. Rc1 {[%emt 0:04:44]} Rf6 {[%emt 0:08:01]} 15. Nb5 {[%emt 0:10:39]} a6 {[%emt 0:08:01]} 16. Nc3 {[%emt 0:01:15]} Rg6 {[%emt 0:00:50]} 17. cxd6 {[%emt 0:01:23]} cxd6 {[%emt 0:01:52]} 18. Na4 {[%emt 0:05:22]} g4 {[%emt 0:02:12]} 19. Bb6 {[%emt 0:09:05]} Qd7 {[%emt 0:00:52]} 20. Ba5 {[%emt 0:01:48]} gxf3 {[%emt 0:15:12]} 21. Rxf3 {[%emt 0:08:06]} b5 {[%emt 0:02:02]} 22. Nb6 {[%emt 0:08:25]} Qa7 {[%emt 0:00:13]} 23. Kh1 {[%emt 0:01:22]} Rb8 {[%emt 0:01:19]} 24. Nxc8 {[%emt 0:00:43]} Rxc8 {[%emt 0:04:48]} 25. Rxc8 {[%emt 0:00:58]} Nxc8 {[%emt 0:00:01]} 26. Qg1 {[%emt 0:01:01]} Qd7 {[%emt 0:01:42]} 27. Rc3 {[%emt 0:01:32]} Nf6 {[%emt 0:10:50]} 28. Rc7 {[%emt 0:07:26]} Qe8 {[%emt 0:00:11]} 29. a4 {[%emt 0:02:40]} Bf8 {[%emt 0:09:51]} 30. axb5 {[%emt 0:03:27]} axb5 {[%emt 0:00:27]} 31. Qf1 {[%emt 0:01:43]} Ne7 {[%emt 0:04:29]} 32. Bxb5 {[%emt 0:05:45]} Qa8 {[%emt 0:02:42]} 33. b4 {[%emt 0:01:04]} Ng4 {[%emt 0:00:45]} 34. Qf3 {[%emt 0:00:52]} Qb8 {[%emt 0:05:02]} 35. Bf1 {[%emt 0:01:11]} Ne3 {[%emt 0:01:41]} 36. Nc4 {[%emt 0:03:06]} Nxf1 {[%emt 0:01:24]} 37. Qxf1 {[%emt 0:00:11]} Qb5 {[%emt 0:01:04]} 38. Nd2 {[%emt 0:01:04]} Qa4 {[%emt 0:00:19]} 39. Rc1 {[%emt 0:02:25]} Bh6 {[%emt 0:02:44]} 40. Nf3 {[%emt 0:03:28]} Qa2 {[%emt 0:02:29]} 41. Bd8 {[%emt 0:30:50]} Rg7 {[%emt 0:08:58]} 42. b5 {[%emt 0:00:00]} Nxd5 {[%emt 0:00:52]} 43. exd5 {[%emt 0:00:00]} e4 {[%emt 0:00:08]} 44. b6 {[%emt 0:00:00]} Qxd5 {[%emt 0:10:45]} 45. Qc4 {[%emt 0:00:00]} Qxc4 {[%emt 0:00:06]} 46. Rxc4 {[%emt 0:00:00]} exf3 {[%emt 0:00:07]} 47. gxf3 {[%emt 0:00:00]} Rb7 {[%emt 0:00:41]} 48. Bc7 {[%emt 0:00:00]} Kf7 {[%emt 0:02:36]} 49. Ra4 {[%emt 0:00:00]} 1-0

[Event "GER-ch Women 2020"]
[Site "Magdeburg"]
[Date "2020.08.20"]
[Round "6.4"]
[White "Osmanodja, Filiz"]
[Black "Rogozenco, Teodora"]
[Result "1-0"]
[WhiteElo "2293"]
[BlackElo "1979"]
[Annotator "TA"]
[PlyCount "37"]
[EventDate "2020.08.16"]
[EventType "swiss"]
[EventCountry "GER"]
[SourceTitle "playchess.com"]
[Source "ChessBase"]
[SourceQuality "1"]

{[%evp 18,37,5,-4,0,0,0,-14,9,4,27,30,98,89,326,327,340,316,335,327,493,488]} 1. e4 c5 2. Nc3 d6 3. Nf3 Nf6 4. d4 cxd4 5. Nxd4 g6 6. Be2 Bg7 7. O-O O-O 8. Bg5 Nc6 9. Nb3 Be6 10. Re1 Re8 {B70: Sicilian Dragon: 6 g3 and 6 Be2 (without a later Be3).} 11. Bf1 Nd7 12. Rb1 {[#]} Nb6 $146 {The position is equal.} (12... Bxc3 $5 13. bxc3 Qc7 $11) ({Predecessor:} 12... Rc8 13. Nd5 Nce5 14. c3 Nc4 15. Nd4 Bxd5 16. exd5 Nf6 17. Qa4 Na5 18. Rbd1 a6 {1-0 (25) Lagno,K (2456)-Melia,S (2400) Dresden 2007}) 13. Nd5 Bxd5 14. exd5 Nb4 (14... Ne5 $1 $11 {remains equal.}) 15. Bb5 $36 {[%mdl 2048] White is in control.} Nd7 $2 (15... h6 $16) 16. Qg4 $1 $18 {[%csl LRb4,LRd7][%mdl 64] [#] Double Attack} Nxc2 17. Bxd7 Nxe1 18. Bxe8 Nd3 {[#]} (18... Nf3+ $142 19. Qxf3 Qxe8) 19. Bxf7+ $1 {[%mdl 576] Decoy. Black did not feel at home in the position after the opening.} 1-0

[Event "GER-ch Women 2020"]
[Site "Magdeburg"]
[Date "2020.08.20"]
[Round "6.5"]
[White "Butenandt, Svenja"]
[Black "Bardorz, Jana"]
[Result "1-0"]
[WhiteElo "1879"]
[BlackElo "2000"]
[Annotator "TA"]
[PlyCount "75"]
[EventDate "2020.08.16"]
[EventType "swiss"]
[EventCountry "GER"]
[SourceTitle "playchess.com"]
[Source "ChessBase"]
[SourceQuality "1"]

{[%evp 20,75,53,19,29,20,31,34,39,14,37,32,45,40,112,108,228,229,305,304,332,335,332,329,305,309,320,264,305,290,284,296,285,283,281,155,447,439,427,422,509,500,508,500,495,476,569,545,568,531,731,737,726,711,762,311,2531,2143]} 1. d4 Nf6 2. c4 g6 3. Nc3 Bg7 4. e4 d6 5. Nf3 O-O 6. Be2 e5 7. d5 a5 8. Bg5 Na6 9. Nd2 Qe8 10. a3 Bd7 11. b3 Kh8 {E92: King's Indian: Classical: 6 Be2 e5: 7 dxe5, 7 Be3 and Petrosian System without 7...Nbd7.} 12. O-O Ng8 13. f3 f5 {White is slightly better.} 14. Be3 f4 15. Bf2 g5 {[#]} 16. b4 $146 ({Predecessor:} 16. Rb1 Rf6 17. Re1 Rh6 18. b4 axb4 19. axb4 Bf8 20. Nf1 Nf6 21. g4 fxg3 22. Nxg3 {0-1 (45) Pratyusha,B (2278)-Agibileg,U (2324) Novi Sad 2019}) 16... axb4 (16... Rf6 $1 $14) 17. axb4 $16 h5 (17... Nxb4 $16 {keeps fighting.} 18. c5 Rxa1 19. Qxa1 Nc2) 18. c5 $18 Qg6 {[#]} 19. c6 $1 {[%mdl 512]} bxc6 20. Rxa6 Rxa6 21. Bxa6 g4 22. dxc6 Bxc6 23. Qe1 Bh6 24. Bh4 Nf6 25. Bxf6+ Qxf6 26. Nd5 Qg5 27. Nxc7 (27. Bd3 $18) 27... Bd7 $2 (27... Qe7 $16 {might work better.}) 28. Bb5 Bc8 29. Bc4 g3 30. h3 Qe7 31. Nd5 Qa7+ 32. Kh1 Rg8 33. Rg1 Bg5 34. b5 {[%cal Bb4b5,Bb5b6][%mdl 32]} Bd8 {[#]} 35. b6 $1 Qa5 (35... Bxb6 36. Nxb6) 36. Nb3 Qa4 37. Qb4 (37. Qc3 $142) 37... Qa2 $2 (37... Qxb4 38. Nxb4 Bxb6) 38. Qxd6 {White took control after the opening. Accuracy: White = 71%, Black = 45%.} 1-0

[Event "GER-ch Women 2020"]
[Site "Magdeburg"]
[Date "2020.08.20"]
[Round "6.6"]
[White "Dietrich, Mareike"]
[Black "Kopylov, Luba"]
[Result "1/2-1/2"]
[WhiteElo "1699"]
[BlackElo "2027"]
[Annotator "TA"]
[PlyCount "50"]
[EventDate "2020.08.16"]
[EventType "swiss"]
[EventCountry "GER"]
[SourceTitle "playchess.com"]
[Source "ChessBase"]
[SourceQuality "1"]

{[%evp 22,37,26,20,58,52,55,45,130,124,151,153,136,139,140,100,152,141]} 1. e4 e6 2. d4 d5 3. Nd2 Nf6 4. e5 Nfd7 5. Bd3 c5 6. c3 Nc6 7. Ne2 cxd4 8. cxd4 f6 9. exf6 Nxf6 10. O-O Bd6 11. Nf3 O-O 12. Bf4 Ng4 {C06: French Tarrasch: 3...Nf6 4 e5 Nfd7 5 Bd3 main lines.} 13. Bg3 Bxg3 14. Nxg3 e5 ({Better is} 14... Bd7 $14) 15. dxe5 $16 Ncxe5 16. Nxe5 Nxe5 {[#]} 17. Bxh7+ $1 {[%mdl 576] Decoy} Kxh7 18. Qh5+ {[%mdl 64] Double Attack} Kg8 {Strongly threatening ...Re8.} 19. Qxe5 {[#]} {Predecessor:} Re8 $146 20. Qd4 Be6 21. Rfe1 Qd6 22. Nh5 Qf8 23. Re3 Bf7 24. Rxe8 Rxe8 25. Ng3 b6 {1-0 (40) Erhart,U (1987)-Bosbach,M (1791) Templin 2004} 1/2-1/2

[Event "GER-ch Women 2020"]
[Site "Magdeburg"]
[Date "2020.08.20"]
[Round "6.7"]
[White "Brunner, Sophia"]
[Black "Bluebaum, Johanna"]
[Result "0-1"]
[WhiteElo "1881"]
[BlackElo "2011"]
[Annotator "TA"]
[PlyCount "114"]
[EventDate "2020.08.16"]
[EventType "swiss"]
[EventCountry "GER"]
[SourceTitle "playchess.com"]
[Source "ChessBase"]
[SourceQuality "1"]

{[%evp 14,114,6,-12,-7,-14,-11,-16,0,-13,-7,-7,4,-49,-10,-24,8,11,14,0,0,-84,99,-84,-79,-85,-65,-92,-62,-85,-54,-62,0,7,44,20,11,8,6,15,53,13,61,53,89,79,81,85,84,77,75,0,0,9,39,2,21,26,46,0,33,-29,0,-83,-25,-21,0,-93,-22,-28,-22,-268,-271,-296,-320,-451,-456,-348,-268,-360,-353,-498,-397,-922,-588,-1488,-1519,-1235,-920,-1384,-1328,-2552,-2211,-29988,-29987,-29989,-29990,-29990,-2922,-29993,-29994,-29994,-29995]} 1. Nf3 d5 2. g3 Nf6 3. Bg2 Bf5 4. d4 e6 5. c4 c6 6. O-O h6 7. Nc3 Be7 8. Bf4 Nbd7 {D11: Slav Defence: 3 Nf3 sidelines and 3...Nf6 4 e3 Bg4.} 9. c5 O-O 10. b4 Ne4 {The position is equal.} 11. Qb3 {[#]} g5 $146 ({Predecessor:} 11... Bf6 12. Rfd1 Re8 13. a4 g5 14. Be3 Nxc3 15. Qxc3 Qc7 16. Ra2 Be4 17. Ne1 Bxg2 18. Nxg2 {½-½ (27) Brychta,D (2115)-Dolezal,J (2250) Ceske Budejovice 2000}) 12. Be3 b6 13. Nd2 ({Better is} 13. Nxe4 $11 Bxe4 14. h4) 13... Nxc3 (13... Nef6 {is more complex.} 14. h3 a5 15. a3 Qc7 16. Na4 Rfb8) 14. Qxc3 bxc5 15. bxc5 Rb8 16. Nb3 Qc7 17. f4 (17. f3 $11) 17... Rb7 $2 (17... g4 $17) 18. Qc1 $2 (18. fxg5 $16 {is necessary to keep the advantage. aiming for Bf4.} hxg5 19. Rae1) 18... g4 $17 19. Bd2 Rb5 20. Qc3 Rfb8 21. Rfe1 Nf6 22. e3 Be4 (22... Re8 $15) 23. Bf1 $1 $11 R5b7 (23... Rb4 $5) 24. Ba6 {[#]} (24. Na5 $5 {[%cal Ra5b7]}) 24... Rb4 $1 {[%mdl 512]} 25. Qxb4 Rxb4 26. Bxb4 h5 27. Nd2 Bc2 28. Rac1 Ba4 29. Rb1 Bb5 30. Bxb5 cxb5 31. Bc3 Qc6 32. Nb3 (32. Rec1 $16) 32... Bd8 33. a3 Qa6 (33... Ne4 $5 {[%cal Re4c3]} 34. Bb4 f5 $14) 34. Bb4 Ne4 35. Rec1 Qc6 36. Rc2 h4 (36... Nd6 $5) 37. Rg2 (37. gxh4 $14 Kh7 38. Rg2) 37... h3 38. Rc2 (38. Rgb2 $11) 38... f6 (38... Nd6 $1 $17) 39. Rbb2 Bc7 40. Rb1 {[#]} (40. Nd2 $11 {remains equal.}) 40... Kg7 (40... Nd6 $1 $17) 41. Rbc1 e5 42. dxe5 $2 {Now White is beyond hope.} (42. Rb2 $11 {and White is okay.}) 42... fxe5 $19 43. fxe5 Bxe5 44. Rf1 (44. Nd4 {is a better defense.} Bxd4 45. exd4) 44... Qg6 {...Nxg3 is the strong threat.} 45. Rfc1 {White wants to play c6.} Qh6 46. Re1 {With the idea c6.} Ng5 {Strongly threatening ...Nf3+.} 47. Nd2 (47. Rf2 $142 Nf3+ 48. Rxf3 gxf3 49. Kf2) 47... Qg6 48. Rc3 $2 (48. Rcc1 Qc6 49. Kf2) 48... Qc6 {Hoping for ...d4.} 49. Rc2 d4 {[%csl Gh3][%cal Rc6g2]} 50. e4 Qc7 {And now ...Bxg3! would win.} 51. Nf1 Nf3+ 52. Kh1 a5 53. Bd2 {[#]} Qc6 $1 {[%mdl 512]} 54. Rcc1 Nxe1 55. Rxe1 Qxc5 (55... Qf6 $142 56. Bf4 Bxf4 57. Kg1 Bg5 58. Re2 d3 59. Rf2 {[#]} Qd4 $1 {[%mdl 576] Double Attack} 60. e5 Be3 61. Nxe3 Qxe3 62. c6 d2 63. Kh1 d1=Q+ 64. Rf1 Qxf1#) 56. Ra1 Qc2 57. Re1 Qd3 {Accuracy: White = 36%, Black = 61%.} 0-1

[Event "GER-ch Women 2020"]
[Site "Magdeburg"]
[Date "2020.08.20"]
[Round "6.8"]
[White "Kuehnel, Lena"]
[Black "Stowicek, Yara Mathilda"]
[Result "0-1"]
[WhiteElo "1972"]
[BlackElo "1674"]
[Annotator "TA"]
[PlyCount "84"]
[EventDate "2020.08.16"]
[EventType "swiss"]
[EventCountry "GER"]
[SourceTitle "playchess.com"]
[Source "ChessBase"]
[SourceQuality "1"]

{[%evp 13,84,9,16,0,6,0,2,6,10,0,26,20,18,-3,27,32,61,34,54,60,117,124,118,64,102,96,135,102,125,85,101,35,85,33,70,47,137,16,109,74,168,86,122,124,104,85,156,60,38,-7,0,0,143,-16,-34,-81,-81,-107,-92,-147,-150,-350,-354,-791,-769,-841,-802,-1235,-1245,-1239,-1224,-1202,-1183]} 1. e4 e5 2. Nf3 Nc6 3. Bc4 Bc5 4. c3 Nf6 5. d3 d6 6. a4 a5 7. O-O O-O 8. Na3 {C54: Giuoco Piano: 4 c3 Nf6, main lines with 5 d4 and 5 d3.} Ne7 9. Nc2 Ba7 10. Be3 {The position is equal.} Ng6 {[#]} 11. Re1 $146 ({Predecessor:} 11. h3 c6 12. Bxa7 Rxa7 13. Re1 Re8 14. Qd2 Nf4 15. d4 Qe7 16. Rad1 b6 17. dxe5 dxe5 {0-1 (40) Shakhverdian,W (1732)-De Boer,E (2100) Assen 2017}) 11... c6 12. Bxa7 Rxa7 13. Bb3 Qe7 14. Ne3 Nh5 15. d4 Nhf4 16. Nf5 $36 {[%mdl 2048] White has the initiative.} Qc7 (16... Qf6 $1 $14) 17. g3 $16 Ne6 18. Qe2 (18. h4 $16) 18... b6 19. Rad1 Rd8 20. Rd2 exd4 21. cxd4 (21. N5xd4 $6 Nc5 $11) 21... Ne7 22. Ne3 ({Better is} 22. Rc2 $16) 22... Qb8 23. Rc1 (23. d5 $16 Nc5 24. Bc2) 23... b5 24. Qd1 Qb6 (24... h6 $14) 25. Nh4 (25. d5 $16 cxd5 26. axb5 (26. exd5 Nc5 $14) (26. Nxd5 Nxd5 27. Bxd5 bxa4 $14) (26. Bxd5 bxa4 27. e5 Nxd5 $16)) 25... g6 (25... Ng5 $11) 26. Nf3 Bd7 (26... bxa4 $16 27. Bxa4 Rc7) 27. axb5 (27. d5 $1 $18 {[%cal Rd5e6]} cxd5 28. Bxd5 (28. Nxd5 Nxd5 29. Bxd5 bxa4 $14) (28. exd5 Nc5 $11)) 27... cxb5 28. e5 Bc8 29. exd6 Rxd6 ({Black should try} 29... Qxd6 30. d5 Nc5) 30. Ng4 (30. d5 $1 $16 {[%cal Rd5e6]} Ng7 31. Ng5) 30... Kg7 $14 31. Nge5 f6 32. Ng4 {Black must now prevent Nxf6.} Rad7 (32... a4 $11 33. Ba2 Nd8) 33. Bxe6 $2 (33. Qe1 $1 $16 {aiming for Nxf6!} Nc7 34. Nfe5 $1 {[%mdl 512]} (34. Qe3 Nf5 $15) 34... fxe5 35. Qxe5+ Rf6 36. Rdc2 Qxd4 37. Qxf6+ Qxf6 38. Nxf6 Kxf6 39. Rxc7) 33... Rxe6 $11 34. Ne3 Bb7 35. Ne1 Red6 {[%cal Rd6d4]} 36. N3c2 (36. Qg4 $142) 36... Nf5 37. Qe2 $2 {[#] This move loses the game for White.} (37. Ng2 $17 {was worth a try.}) 37... Qc6 $1 $19 {[%csl Gb7][%cal Rc6h1][%mdl 512] [#]} 38. f3 $2 (38. d5 $1 {[%mdl 512]} Rxd5 39. Rxd5 Qxd5 40. f3) 38... Nxd4 {Black is clearly winning.} 39. Nxd4 Qxc1 40. Nb3 Rxd2 41. Nxc1 Rxe2 42. Nxe2 Rd2 {Accuracy: White = 35%, Black = 52%.} 0-1

[Event "GER-ch Women 2020"]
[Site "Magdeburg"]
[Date "2020.08.20"]
[Round "6.9"]
[White "Heutling, Elina"]
[Black "Zimmer, Elke"]
[Result "1-0"]
[WhiteElo "1833"]
[BlackElo "1952"]
[Annotator "ChessBase"]
[PlyCount "119"]
[EventDate "2020.08.16"]
[EventType "swiss"]
[EventCountry "GER"]
[SourceTitle "playchess.com"]
[Source "ChessBase"]
[SourceQuality "1"]
[TimeControl "40/5400+30:1800+30"]

1. e4 {[%emt 0:00:00]} e5 {[%emt 0:00:00]} 2. Nf3 {[%emt 0:00:00]} Nc6 {[%emt 0:00:00]} 3. Bb5 {[%emt 0:00:00]} a6 {[%emt 0:00:00]} 4. Ba4 {[%emt 0:00:03]} Nf6 {[%emt 0:00:06]} 5. d3 {[%emt 0:00:55]} d6 {[%emt 0:00:20]} 6. c3 {[%emt 0:00:35]} Bd7 {[%emt 0:01:00]} 7. Nbd2 {[%emt 0:01:53]} Be7 {[%emt 0:00:15]} 8. O-O {[%emt 0:00:39]} O-O {[%emt 0:00:11]} 9. Re1 {[%emt 0:02:35]} Qe8 {[%emt 0:01:38]} 10. Bc2 {[%emt 0:02:37]} Bg4 {[%emt 0:00:25]} 11. h3 {[%emt 0:00:45]} Bh5 {[%emt 0:00:05]} 12. Nf1 {[%emt 0:03:04]} Nd7 {[%emt 0:03:20]} 13. g4 {[%emt 0:06:14]} Bg6 {[%emt 0:04:54]} 14. Ng3 {[%emt 0:01:26]} Qd8 {[%emt 0:03:00]} 15. Kh2 {[%emt 0:05:42]} Bh4 {[%emt 0:01:56]} 16. Nxh4 {[%emt 0:01:01]} Qxh4 {[%emt 0:00:06]} 17. Qf3 {[%emt 0:03:27]} Nc5 {[%emt 0:02:58]} 18. Rg1 {[%emt 0:04:22]} Qe7 {[%emt 0:11:03]} 19. Nf5 {[%emt 0:08:47]} Qd7 {[%emt 0:00:05]} 20. h4 {[%emt 0:01:32]} d5 {[%emt 0:12:03]} 21. exd5 {[%emt 0:13:53]} Ne7 {[%emt 0:00:46]} 22. b4 {[%emt 0:08:01]} Nxd3 {[%emt 0:23:58]} 23. Bxd3 {[%emt 0:01:46]} Nxd5 {[%emt 0:00:37]} 24. h5 {[%emt 0:09:08]} Bxf5 {[%emt 0:01:37]} 25. Bxf5 {[%emt 0:00:10]} Qd6 {[%emt 0:00:30]} 26. Be4 {[%emt 0:00:56]} c6 {[%emt 0:00:45]} 27. Rd1 {[%emt 0:01:41]} Qe6 {[%emt 0:06:59]} 28. Bxd5 {[%emt 0:02:52]} cxd5 29. Rxd5 Rfd8 {[%emt 0:01:25]} 30. Rxd8+ {[%emt 0:04:14]} Rxd8 {[%emt 0:00:05]} 31. Qe4 {[%emt 0:03:23]} h6 {[%emt 0:01:02]} 32. Be3 {[%emt 0:00:53]} b5 {[%emt 0:00:23]} 33. a4 {[%emt 0:03:15]} Rc8 {[%emt 0:05:42]} 34. axb5 {[%emt 0:00:45]} axb5 {[%emt 0:01:20]} 35. Bc5 {[%emt 0:00:59]} Qd7 {[%emt 0:03:41]} 36. Ra7 {[%emt 0:03:11]} Rc7 {[%emt 0:01:31]} 37. Ra5 {[%emt 0:01:25]} Rc8 {[%emt 0:00:46]} 38. Qe2 {[%emt 0:02:02]} e4 {[%emt 0:06:08]} 39. Rxb5 {[%emt 0:02:13]} Qd3 {[%emt 0:00:19]} 40. Qxd3 {[%emt 0:01:13]} exd3 {[%emt 0:00:04]} 41. Be3 {[%emt 0:31:14]} Rxc3 {[%emt 0:30:31]} 42. Rd5 {[%emt 0:00:00]} Rb3 {[%emt 0:00:00]} 43. Bd2 {[%emt 0:00:00]} Kf8 {[%emt 0:00:00]} 44. Kg3 {[%emt 0:00:00]} Ke7 {[%emt 0:00:00]} 45. Kf4 {[%emt 0:00:00]} g6 {[%emt 0:00:00]} 46. Ke3 {[%emt 0:00:00]} Ke6 {[%emt 0:00:00]} 47. Rxd3 {[%emt 0:00:00]} Rb1 {[%emt 0:00:00]} 48. Kd4 {[%emt 0:00:00]} gxh5 {[%emt 0:00:00]} 49. gxh5 {[%emt 0:00:00]} Rh1 {[%emt 0:00:00]} 50. Bxh6 {[%emt 0:00:00]} Rxh5 {[%emt 0:00:00]} 51. Re3+ {[%emt 0:00:00]} Kd6 {[%emt 0:00:00]} 52. Bf4+ {[%emt 0:00:00]} Kc6 {[%emt 0:00:00]} 53. Rc3+ {[%emt 0:00:00]} Kb6 {[%emt 0:00:00]} 54. Rc5 {[%emt 0:00:00]} Rh7 {[%emt 0:00:00]} 55. Rc7 {[%emt 0:00:00]} Kb5 {[%emt 0:00:00]} 56. Kc3 {[%emt 0:00:00]} Rh3+ {[%emt 0:00:00]} 57. Be3 {[%emt 0:00:00]} Rf3 {[%emt 0:00:00]} 58. Rc5+ {[%emt 0:00:00]} Ka6 {[%emt 0:00:00]} 59. Kc4 {[%emt 0:00:00]} f5 {[%emt 0:00:00]} 60. Rc7 {[%emt 0:00:00]} 1-0

[Event "GER-ch Women 2020"]
[Site "Magdeburg"]
[Date "2020.08.20"]
[Round "6.10"]
[White "Hielscher, Ursula"]
[Black "Schumann, Rabea"]
[Result "0-1"]
[WhiteElo "1789"]
[BlackElo "1871"]
[Annotator "NA RC"]
[PlyCount "38"]
[EventDate "2020.08.16"]
[EventType "swiss"]
[EventCountry "GER"]
[SourceTitle "playchess.com"]
[Source "ChessBase"]
[SourceQuality "1"]
[TimeControl "40/5400+30:1800+30"]

{[%evp 8,38,15,32767,-37,-50,-43,-55,-56,-59,-46,-56,-54,-44,-49,-102,-91,32767,32767,32767,-133,-160,-151,-202,32767,32767,-204,-198,-144,-236,-201,-248,-152]} 1. d4 {[%emt 0:00:00]} Nf6 {[%emt 0:00:00]} 2. Bg5 {[%emt 0:00:00]} Ne4 {[%emt 0:00:07]} 3. Bf4 {[%emt 0:00:00]} d5 {[%emt 0:00:37]} 4. f3 {[%emt 0:01:05]} Nf6 {[%emt 0:00:54]} 5. Nd2 {[%emt 0:02:30]} c5 {[%emt 0:06:58]} 6. dxc5 {[%emt 0:03:51] A45: Trompowsky Attack.} Nc6 {[%emt 0:03:32]} 7. Nb3 {[%emt 0:05:39]} e5 {[%emt 0:01:11]} 8. Bg5 {[%emt 0:00:48] [#]} Bxc5 $1 {[%emt 0:08:56]} 9. Nxc5 {[%emt 0:03:46]} Qa5+ {[%emt 0:00:07] Double Attack} 10. Qd2 {[%emt 0:00:34]} Qxc5 {[%emt 0:00:14] [#]} 11. O-O-O $146 {[%emt 0:02:37]} ({Predecessor:} 11. e3 Bf5 12. c3 h6 13. Bh4 O-O-O 14. Ne2 g5 15. Bf2 Qe7 16. Ng3 Bg6 17. Bb5 {1-0 (43) Soto Vega,J (2357)-Vergara Jofre,F (2245) Montevideo 2018}) 11... Be6 {[%emt 0:03:27]} 12. Qc3 {[%emt 0:04:13]} Qxc3 {[%emt 0:05:07]} 13. bxc3 {[%emt 0:00:01]} Rc8 {[%emt 0:00:50]} 14. Kb2 {[%emt 0:04:05]} Nd7 {[%emt 0:06:28]} 15. Be3 {[%emt 0:12:05]} Na5 {[%emt 0:08:33]} 16. Bf2 {[%emt 0:00:39]} Nc4+ {[%emt 0:01:25]} 17. Ka1 {[%emt 0:01:54]} Ke7 {[%emt 0:11:49]} 18. g3 {[%emt 0:05:09]} (18. e3 $17 {was called for.}) 18... Rc6 {[%emt 0:04:36]} 19. f4 {[%emt 0:02:24]} Bf5 $17 {[%emt 0:04:38]} 0-1

[Event "GER-ch Women 2020"]
[Site "Magdeburg"]
[Date "2020.08.20"]
[Round "6.11"]
[White "Reitz, Theresa"]
[Black "Roos, Karin"]
[Result "1-0"]
[WhiteElo "1942"]
[BlackElo "1772"]
[Annotator "TA"]
[PlyCount "55"]
[EventDate "2020.08.16"]
[EventType "swiss"]
[EventCountry "GER"]
[SourceTitle "playchess.com"]
[Source "ChessBase"]
[SourceQuality "1"]

{[%evp 9,55,16,25,6,12,-6,0,-6,-10,-1,0,0,27,17,10,19,81,52,85,75,157,123,258,247,251,255,275,173,333,314,408,352,331,357,406,420,540,547,781,796,775,772,1006,1006,1990,1827,1704,1676]} 1. e4 c5 2. Nc3 d6 3. f4 Nc6 4. Bb5 Bd7 5. Nf3 a6 6. Be2 {B23: Closed Sicilian: Lines without g3.} Nf6 7. d3 g6 8. O-O {The position is equal.} Bg7 9. Qe1 Nd4 10. Bd1 {[#]} Bg4 $146 ({Predecessor:} 10... Nxf3+ 11. Bxf3 Bc6 12. e5 dxe5 13. Bxc6+ bxc6 14. fxe5 Ng4 15. e6 f5 16. h3 Nf6 {1-0 (30) Lazarevic,M-Friedmann,C Subotica 1967}) 11. e5 dxe5 12. fxe5 Nd5 (12... Nd7 $1 $11 {remains equal.}) 13. Ng5 $36 {[%mdl 2048] White is more active.} Be6 14. Nce4 {aiming for c3.} Bxe5 ({Black should play} 14... h6 15. Nxe6 Nxe6) 15. c3 Nf5 {Loses the game.} (15... h6 $16 {was necessary.} 16. Nxc5 (16. Nxe6 Nxe6 17. Bb3 Rc8 $11) 16... Bxh2+ 17. Kxh2 hxg5+ 18. Kg1 Qc7 19. cxd4 Qh2+ 20. Kf2 Qh4+ 21. Ke2 Qxd4 22. Nxe6 fxe6) 16. Nxe6 $18 (16. Nxc5 Bxh2+ 17. Kxh2 Qd6+ 18. Kh3 Qxc5 $16) 16... fxe6 17. g4 (17. Nxc5 Bxh2+ 18. Kxh2 Qd6+ 19. Kh3 Qxc5 $16) 17... Qc7 18. Qf2 b6 $2 (18... O-O) 19. gxf5 gxf5 20. Bh5+ Kd7 {[#]} 21. Ng5 $1 Rag8 {Hoping for ...h6.} 22. Kh1 ({Less strong is} 22. Bf7 Rxg5+ 23. Bxg5 Rf8 $18) 22... f4 23. Nf7 {White is clearly winning.} Ne3 24. Bxe3 fxe3 25. Qxe3 Bxh2 26. Rae1 Rg6 27. Nxh8 Qc6+ 28. Bf3 {Accuracy: White = 84%, Black = 26%.} 1-0